Normal view
MARC view
Entry Personal Name
001 - CONTROL NUMBER
- control field: 210557
003 - CONTROL NUMBER IDENTIFIER
- control field: MY-SjTCS
005 - DATE AND TIME OF LATEST TRANSACTION
- control field: 20200306154340.0
008 - FIXED-LENGTH DATA ELEMENTS
- fixed length control field: 200306|| aca||aabn | a|a d
040 ## - CATALOGING SOURCE
- Original cataloging agency: MY-SjTCS
- Transcribing agency: MY-SjTCS
100 ## - HEADING--PERSONAL NAME
- Personal name: Bulmer, M.
- Fuller form of name: (Makiko)
670 ## - SOURCE DATA FOUND
- Source citation: Work cat.: (MY-SjTCS)27659: Davidson, P.M. 15827, Japanese for the tourist industry :, 1989.